V:llä alkavat Suomen kaupungit - Statistics

Yleistilastot
  • Tätä visaa on pelattu 86 kertaa
  • Keskiarvotulos 5 / 6
Vastaustilastot
Hint Vastaus % Oikein
Pohjanmaa Vaasa
90%
Uusimaa Vantaa
87%
Pirkanmaa Valkeakoski
79%
Pohjois-Savo Varkaus
77%
Pirkanmaa Virrat
66%
Keski-Suomi Viitasaari
63%
Ehtoja vastaavia visoja ei löytynyt
Tulosjakauma
Jokaisen tuloksen saaneiden osuus
Persentiili vastausten määrän mukaan
Tuloshistoriasi
Et ole pelannut tätä visaa